Ne partons pas fâchés - Raphaël : Paroles - Statistiques

Statistiques générales
  • Ce quiz a été pris 15 fois
  • Le résultat moyen est 180 sur 288
Statistiques - réponses
Paroles % Correct
Bien
91%
bien
91%
de
91%
la
91%
pas
91%
que
91%
sûr
91%
sur
91%
a
82%
à
82%
le
82%
ne
82%
peine
82%
te
82%
vaut
82%
ça
73%
dans
73%
des
73%
en
73%
fâchés
73%
je
73%
les
73%
ma
73%
n'en
73%
partons
73%
reconnais
73%
se
73%
tu
73%
y
73%
belle
64%
c'est
64%
dernier
64%
jugement
64%
sais
64%
tes
64%
vie
64%
attendre
55%
envie
55%
et
55%
mer
55%
nous
55%
qu'il
55%
très
55%
trouve
55%
vallée
55%
aussi
45%
autre
45%
belles
45%
ciel
45%
d'autre
45%
faire
45%
fait
45%
j'ai
45%
jolie
45%
n'est
45%
on
45%
petit
45%
qu'à
45%
rêves
45%
rien
45%
sauter
45%
travers
45%
un
45%
une
45%
vallées
45%
vent
45%
enclume
36%
enfants
36%
guerre
36%
là-haut
36%
moi
36%
montagnes
36%
parait
36%
pareil
36%
poissons
36%
qu'on
36%
sont
36%
traîner
36%
vendu
36%
vite
36%
alors
27%
avalé
27%
comme
27%
froids
27%
goût
27%
jamais
27%
met
27%
misère
27%
moineaux
27%
moto
27%
moyens
27%
ont
27%
perdu
27%
petits
27%
quand
27%
saouler
27%
sautent
27%
si
27%
t'emmènerai
27%
ventre
27%
vraiment
27%
allons
18%
compte
18%
encore
18%
j'aimerais
18%
l'on
18%
même
18%
mines
18%
montrer
18%
non
18%
rire
18%
transplanter
18%
ville
18%
ailleurs
9%
ferait
9%
fuir
9%
ira
9%
offense
9%
poches
9%
rampé
9%
souvent
9%
vides
9%
Aucun quiz correspondant
Distribution des résultats
% des personnes avec chaque résultat
Percentile par nombre de réponses
Votre historique - résultats
Vous n’avez pas pris ce quiz